000
00321nam a2200145Ia 4500
008
210210b xxu||||| |||| 00| 0 eng d
041
_a
eng
082
_a
874/22
100
_a
KOSHY (M)
245
_a
Hrdyopanyasangal
260
_a
_b
-
_c
650
_a
Hrdyopanyasangal
690
_a
Malayalam Criticism
906
_a
002611
999
_c
124581
_d
124581